| 000 | 01190cad a22002775a 4500 | ||
|---|---|---|---|
| 001 | L154355 | ||
| 008 | 111117s2011 xxk f 000 a0eng d | ||
| 035 | _a(Sirsi) u154355 | ||
| 041 | 0 | _aeng | |
| 050 | 0 | 4 | _a338.4369 $2 18 |
| 110 | 2 |
_aRider Levett Bucknall _95520 |
|
| 245 | 0 | 0 |
_aOceania report _bconstruction market intelligence, fourth quarter 2011 _h[electronic resource] |
| 260 | 3 |
_a[S.l.] _bRLB _c2011 |
|
| 490 | 0 |
_aRLB Oceania Report _vConstruction Market Intelligence, November 2011 |
|
| 520 | _aThe Rider Levett Bucknall Oceania Report provides detailed construction market intelligence and data about Australia and New Zealand. The Report is supplemented by a bi-annual International Report, quarterly NZ Forecast and Riders Digest. | ||
| 521 | _aAdvanced | ||
| 590 | _aKA NTK | ||
| 650 | 2 | 4 | _aRLB INTERNATIONAL REPORT |
| 651 | 4 | _aOceania | |
| 651 | 4 | _aAustralia | |
| 651 | 4 |
_aNew Zealand _y1947- |
|
| 690 | _aBUILT ENVIRONMENT-BUILDING COSTS | ||
| 690 | _aBUILT ENVIRONMENT-CONSTRUCTION MARKET | ||
| 856 | 4 | 0 |
_uhttps://www.rlb.com/rlb.com/pdf/research/RLB_Oceania_Report_Fourth_Quarter_2011.pdf _zView the item free of charge (PDF file) at www.rlb.com |
| 942 | _n0 | ||
| 999 |
_c112948 _d112948 |
||